| 000 | 00707nam a22002177a 4500 | ||
|---|---|---|---|
| 010 | _aB-218522 | ||
| 020 |
_a8187471212(set) _c1995(set) |
||
| 035 | _aB-218522 | ||
| 037 | _bCen Lib / Ret | ||
| 040 |
_aDPL _bEN |
||
| 082 |
_a954 _bSAH |
||
| 100 | _aSahajwala, P. C. | ||
| 245 |
_aIndia : _bthrough questions and answers / _cby P. C. Sahajwala |
||
| 260 |
_aNew Delhi _bStandard Publishers _c2006 |
||
| 270 |
_aWZ-430E/Naraina _bNew Delhi _e110028 |
||
| 300 |
_a(v 1. xv, 363 ; v 2. 270p) _b27cm(hb) |
||
| 650 | _aMotion pictures -- India -- Miscellanea. | ||
| 650 | _aCricket -- India -- Miscellanea. | ||
| 650 | _aIndia -- History -- Miscellanea. | ||
| 942 |
_2ddc _cEN _h954 _mSAH |
||
| 999 |
_c136768 _d136768 |
||